| 000 | 00437nam a2200145Ia 4500 | ||
|---|---|---|---|
| 008 | 220216s9999 xx 000 0 und d | ||
| 100 | _aHee Lam Chin | ||
| 245 | 0 | _aComparative studies of a Paraquat mixture and glyphosate and/or its mixtures on weed succession in plantation crops | |
| 260 |
_bPlanter _c1993 |
||
| 300 | _a525-535 | ||
| 650 | _aPlantation crops | ||
| 700 | _aJantan Badrulisam | ||
| 700 | _aKim Lim Jit | ||
| 942 | _cJS | ||
| 999 |
_c55949 _d55949 |
||